|
|
|
|
| LEADER |
00904nam a2200229 a 4500 |
| 001 |
GR-MES15673 |
| 008 |
100218s gr b 001 0 eng d |
| 020 |
|
|
|a 0471467111
|
| 040 |
|
|
|a GrPaTEI
|b gre
|c GR-PaULI
|
| 040 |
|
|
|a GrPaTEI
|b gre
|c GR-PaULI
|
| 082 |
|
0 |
|a 657
|2 22
|
| 100 |
1 |
|
|a Raiborn, Cecily A.
|
| 245 |
1 |
0 |
|a Survey of accounting /
|c Cecily A. Raiborn ; Stephainie F. Watson.
|
| 260 |
|
|
|a Hoboken
|a N.J. :
|b Wiley,
|c c2003
|
| 300 |
|
|
|a xix, 444 σ. :
|b εικ. ;
|c 26 εκ.
|
| 504 |
|
|
|a Περιλαμβάνει βιβλιογραφίες και ευρετήριο.
|
| 650 |
|
0 |
|a Accounting
|
| 700 |
1 |
|
|a Watson, Stephanie F.
|
| 942 |
|
|
|2 ddc
|
| 952 |
|
|
|0 0
|1 0
|2 ddc
|4 0
|6 657_000000000000000_RAI
|7 0
|9 273388
|a MSLG
|b MSLG
|c BSC
|d 2021-01-17
|e 24
|f 0
|g 0.00
|l 0
|o 657 RAI
|p 2420000024500
|r 2021-01-17 00:00:00
|t 1
|w 2021-01-17
|y BK15
|x 20100218 0 1
|x GrPaTEI
|
| 971 |
|
|
|a .b2581722x
|b 15-04-20
|c 13-09-16
|
| 999 |
|
|
|c 158314
|d 158314
|